Alle 60 Städte Deutschlands mit P - Statistiken

Allgemein
  • Dieses Quiz wurde 62 mal gespielt
  • Das Durchschnittsergebnis liegt bei 15 aus 60
Antwortstatistiken
Landkreis Stadt % Korrekt
P*d**b**n Paderborn
100%
\ (kreisfrei) Passau
82%
P*i*e Peine
76%
\ Potsdam
76%
P**n*b**g Pinneberg
73%
P***f**h*f*n an der Ilm Pfaffenhofen
69%
Ludwigslust-P**c**m Plau
65%
\ Pforzheim
63%
Ilm-Kreis Plaue
61%
Ludwigslust-P**c**m Parchim
59%
Sächs. Schweiz-Osterzgebirge Pirna
57%
Vogtlandkreis Plauen
53%
\ (kreisfrei) Pirmasens
51%
P**n Plön
51%
Eifelkreis Bitburg-P**m Prüm
37%
Weißenburg-Gunzenhausen Pappenheim
35%
Bayreuth Pegnitz
35%
Emsland Papenburg
33%
Uckermark Prenzlau
27%
Vorpommern-Greifswald Pasewalk
22%
Rottal-Inn Pfarrkirchen
22%
Darmstadt-Dieburg Pfungstadt
20%
Rhein-Erft-Kreis Pulheim
20%
Minden-Lübbecke Petershagen
16%
Sigmaringen Pfullendorf
16%
Minden-Lübbecke Porta Westfalica
16%
Neumarkt in der Oberpfalz Parsberg
14%
Weilheim-Schongau Penzberg
12%
Prignitz Perleberg
12%
Reutlingen Pfullingen
12%
Deggendorf Plattling
12%
Märkischer Kreis Plettenberg
12%
Gießen Pohlheim
12%
Prignitz Pritzwalk
12%
Esslingen Plochingen
10%
Saale-Orla-Kreis Pößneck
10%
Bayreuth Pottenstein
10%
Vorpommern-Rügen Putbus
10%
Regionalverband Saarbrücken Püttlingen
10%
Karlsruhe Philippsburg
8%
P**s*u Pocking
8%
P**n Preetz
8%
Hannover Pattensen
6%
Leipzig Pegau
6%
Vorpommern-Greifswald Penkun
6%
Minden-Lübbecke Preußisch Oldendorf
6%
Fürstenfeldbruck Puchheim
6%
Bautzen Pulsnitz
6%
Spree-Neiße Peitz
4%
Neustadt an der Waldnaab Pleystein
4%
Havelland Premnitz
4%
Prignitz Putlitz
4%
Vogtlandkreis Pausa-Mühltroff
2%
Mittelsachsen Penig
2%
Erzgebirgskreis Pockau-Lengefeld
2%
Neustadt an der Waldnaab Pressath
2%
Kitzingen Prichsenstadt
2%
Mecklenb. Seenplatte Penzlin
0%
Schwandorf Pfreimd
0%
Mayen-Koblenz Polch
0%
Keine übereinstimmenden Quizze gefunden
Verteilung der Resultate
Anzahl Personen mit jedem Resultat
Perzentil nach korrekt beantworteten Fragen
Ihre Resultats-Entwicklung
Sie haben dieses Quiz noch nicht gespielt